Normal view
MARC view
- Hu, Yihua.
Entry Personal Name
001 - CONTROL NUMBER
- control field: 55190
003 - CONTROL NUMBER IDENTIFIER
- control field: OSt
005 - DATE AND TIME OF LATEST TRANSACTION
- control field: 20240322141500.0
008 - FIXED-LENGTH DATA ELEMENTS
- fixed length control field: 240322|| aca||aabn | a|a d
040 ## - CATALOGING SOURCE
- Original cataloging agency: OSt
- Transcribing agency: OSt
100 ## - HEADING--PERSONAL NAME
- Personal name: Hu, Yihua.
- Relator term: author.
670 ## - SOURCE DATA FOUND
- Source citation: Work cat.: (OSt): Leng, Yang. author. 55186, OFDM-based intrinsically safe power and signal synchronous transmission for CC-PT-controlled buck converters /, September 2022.
